Library Banner

Sorting out worry (Record no. 24322)

MARC details
000 -LEADER
fixed length control field 00426nam a2200181Ia 4500
001 - CONTROL NUMBER
control field 24115
008 - FIXED-LENGTH DATA ELEMENTS--GENERAL INFORMATION
fixed length control field 140410s9999 xx 000 0 und d
020 ## - INTERNATIONAL STANDARD BOOK NUMBER
International Standard Book Number 0-7248-1109-5
040 ## - CATALOGING SOURCE
Transcribing agency PK-LaUMT
082 ## - DEWEY DECIMAL CLASSIFICATION NUMBER
Classification number 152.46
Item number BRE-S
100 ## - MAIN ENTRY--PERSONAL NAME
Personal name Grant Brecht
245 ## - TITLE STATEMENT
Title Sorting out worry
Statement of responsibility, etc Grant Brecht
260 ## - PUBLICATION, DISTRIBUTION, ETC. (IMPRINT)
Place of publication, distribution, etc New York,USA:
Name of publisher, distributor, etc Prentice Hall,
Date of publication, distribution, etc 1996
300 ## - PHYSICAL DESCRIPTION
Extent 102 p.
546 ## - LANGUAGE NOTE
Language note EN
650 ## - SUBJECT ADDED ENTRY--TOPICAL TERM
Topical term or geographic name as entry element Anxiety
942 ## - ADDED ENTRY ELEMENTS (KOHA)
Koha item type Books
Holdings
Withdrawn status Lost status Damaged status Not for loan Home library Current library Date acquired Total Checkouts Full call number Barcode Date last seen Date checked out Price effective from Koha item type
        UMT Main Campus UMT Main Campus 2014-04-10 9 152.46 BRE-S 27293 2024-12-27 2023-05-31 2014-04-24 Books